Minnesota Cities: Sudden Death - Statistics

General Stats
  • This quiz has been taken 299 times
  • The average score is 9 of 12
Answers on the Grid
Answers color-coded by a green-red scale on the quiz's grid according to % correct below.
Peoria
Marquette
Minneapolis
Oshkosh
Dubuque
Duluth
St. Cloud
St. Paul
St. Augustine
Winnipeg
Rochester
Bloomington
Topeka
Casper
Cincinnati
Plymouth
Detroit
Brooklyn Park
Bronx Park
Muncie
Woodbury
Maple Grove
Calgary
Blaine
Lakeville
 
Answer Stats
Answer % Correct
Minneapolis
96%
St. Paul
88%
Duluth
83%
St. Cloud
81%
Rochester
77%
Maple Grove
72%
Bloomington
69%
Brooklyn Park
67%
Blaine
66%
Lakeville
66%
Woodbury
66%
Plymouth
62%
No matching quizzes found
Score Distribution
Percent of People with Each Score
Percentile by Number Answered
Your Score History
You have not taken this quiz